GUINNESS WORLD RECORDS 2019 / (Record no. 171712)
[ view plain ]
| 000 -LEADER | |
|---|---|
| fixed length control field | 01609nam a22003131i 4500 |
| 003 - CONTROL NUMBER IDENTIFIER | |
| control field | OSt |
| 005 - DATE AND TIME OF LATEST TRANSACTION | |
| control field | 20190402155847.0 |
| 008 - FIXED-LENGTH DATA ELEMENTS--GENERAL INFORMATION | |
| fixed length control field | 190318s2018 enkoa||| |||| 00| 0 eng d |
| 020 ## - INTERNATIONAL STANDARD BOOK NUMBER | |
| International Standard Book Number | 9781912286461 |
| Terms of availability | RM 109.90 |
| Qualifying information | hardpaper |
| 040 ## - CATALOGING SOURCE | |
| Original cataloging agency | PPAK |
| Language of cataloging | eng |
| Transcribing agency | PPAK |
| Description conventions | rda |
| 082 04 - DEWEY DECIMAL CLASSIFICATION NUMBER | |
| Edition number | 23 |
| Classification number | 032.02 |
| 090 ## - LOCALLY ASSIGNED LC-TYPE CALL NUMBER (OCLC); LOCAL CALL NUMBER (RLIN) | |
| Classification number (OCLC) (R) ; Classification number, CALL (RLIN) (NR) | 032.02 |
| Feature heading | GUI |
| Feature heading | R |
| 245 00 - TITLE STATEMENT | |
| Title | GUINNESS WORLD RECORDS 2019 / |
| Statement of responsibility, etc. | edited by Guinness World Records Limited, |
| 246 30 - VARYING FORM OF TITLE | |
| Title proper/short title | World records 2019 |
| 264 #1 - PRODUCTION, PUBLICATION, DISTRIBUTION, MANUFACTURE, AND COPYRIGHT NOTICE | |
| Place of production, publication, distribution, manufacture | [London, England] : |
| Name of producer, publisher, distributor, manufacturer | Guinness World Records Limited ; |
| Date of production, publication, distribution, manufacture, or copyright notice | [2018] |
| Date of production, publication, distribution, manufacture, or copyright notice | ©2018 |
| 300 ## - PHYSICAL DESCRIPTION | |
| Extent | 255 pages : |
| Other physical details | colour illustrations ; |
| Dimensions | 31 cm. |
| 336 ## - CONTENT TYPE | |
| Source | rdacontent |
| Content type term | text |
| 337 ## - MEDIA TYPE | |
| Source | rdamedia |
| Media type term | unmediated |
| 338 ## - CARRIER TYPE | |
| Source | rdacarrier |
| Carrier type term | volume |
| 500 ## - GENERAL NOTE | |
| General note | Includes index. |
| 505 ## - FORMATTED CONTENTS NOTE | |
| Formatted contents note | Universe -- Planet Earth -- Living planet -- Human beings -- Fantastic feats -- Science & technology -- Arts & media-- Sports -- Do try this at home. <br/> |
| 520 ## - SUMMARY, ETC. | |
| Summary, etc. | "The world's most popular record book is back with thousands of new categories and newly broken records, covering everything from outer space to sporting greats via Instagram, fidget spinners and all manner of human marvels. Inside you'll find hundreds of never-before-seen photographs and countless facts, figures, stats and trivia waiting for you on every action-packed page. Guinness World Records 2019 is the ultimate snapshot of our world today."--Publisher's description. |
| 650 10 - SUBJECT ADDED ENTRY--TOPICAL TERM | |
| Topical term or geographic name entry element | Curiosities and wonders. |
| Topical term or geographic name entry element | World records. |
| 655 #7 - INDEX TERM--GENRE/FORM | |
| Genre/form data or focus term | Trivia and miscellanea. |
| 710 2# - ADDED ENTRY--CORPORATE NAME | |
| Corporate name or jurisdiction name as entry element | Guinness World Records Limited, |
| Relator term | editor, |
| -- | issuing body. |
| 942 ## - ADDED ENTRY ELEMENTS (KOHA) | |
| Source of classification or shelving scheme | Dewey Decimal Classification |
| Koha item type | Book |
| Withdrawn | Not for loan | Current library | Shelving location | Date acquired | Full call number | Barcode | Date last seen | Koha item type |
|---|---|---|---|---|---|---|---|---|
| Not For Loan | Perpustakaan Alor Setar | Rujukan Dewasa | 02/04/2019 | R 032.02 GUI | A01596780 | 02/04/2019 | Book | |
| Not For Loan | Perpustakaan Awam Sungai Petani | Rujukan Dewasa | 02/04/2019 | R 032.02 GUI | A01596781 | 02/04/2019 | Book | |
| Not For Loan | Perpustakaan Jitra | Rujukan Dewasa | 02/04/2019 | R 032.02 GUI | A01596782 | 02/04/2019 | Book | |
| Not For Loan | Perpustakaan Kulim | Rujukan Dewasa | 02/04/2019 | R 032.02 GUI | A01596784 | 02/04/2019 | Book | |
| Not For Loan | Perpustakaan Langkawi | Rujukan Dewasa | 02/04/2019 | R 032.02 GUI | A01596783 | 02/04/2019 | Book |